| 000 | 00619nam a2200217 a 4500 | ||
|---|---|---|---|
| 001 | 53615 | ||
| 003 | BD-RjUL | ||
| 005 | 20211209080006.0 | ||
| 008 | 161018m1971 ru ||||| |||| 001 0 eng d | ||
| 035 | _a(BD-RjUL)53737 | ||
| 040 |
_aBD-RjUL _beng _cBD-RjUL |
||
| 041 | _aeng | ||
| 082 |
_222 _a543.1 _bALQ 1971 |
||
| 100 |
_aAlexeyev, V. N. _9160231 |
||
| 245 |
_aQualitative analysis / _cV. N. Alexeyev |
||
| 260 |
_aMoscow : _bMir Publishers, _cc1959 [ printing 1971 ] |
||
| 300 |
_a561 p. ; _c20 cm. |
||
| 500 | _aIncludes index | ||
| 650 |
_a Chemistry, Analytic _x Qualitative. _9160232 |
||
| 942 |
_2ddc _cBK |
||
| 999 |
_c53615 _d53615 |
||